000 01077nam a22002777a 4500
001 8895
003 FISKH
005 20251120160306.0
008 251030b cb ||||| |||| 00| 0 eng d
020 _a9781846431364
020 _a9780859536929
040 _aFISKH
_beng
_cFISKH
_dFISKH
050 _aPZ8.3 .O9
082 _a398.8
100 _aEvans, Michael
245 _aOver in the meadow /
_cillustrated by Michael Evans
260 _aSwindon :
_bChild's Play,
_c2002.
300 _a16 unnumbered pages :
_bcolor illustrations ;
_c21 cm
505 _aH
520 _aAll children love this traditional rhyme and singing along will help to develop number skills. Bouncy illustrations, innovative die cutting and popular rhymes make Books with Holes a must for every child. Available in three formats, suitable for babies, toddlers, pre-schoolers and the nursery or classroom. Complete with Audio CD.
521 8 _a430
_bLexile estimate
521 8 _aH
_bRaz-Plus
650 _aNumbers and Counting
_vAnimals
942 _2ddc
_cBK
_n0
999 _c8895
_d8895